| 000 | 00532ntaaa2200193 4500 | ||
|---|---|---|---|
| 003 | 01 | ||
| 005 | 20251027201154.0 | ||
| 008 | 0714s1973 ag 01 | ||
| 040 |
_aAR-BaBN _bspa _cAR-BaBN _eaacr _dRIC |
||
| 082 | _a220.1 B83 | ||
| 100 |
_aBruce, F. F. _9957 |
||
| 245 |
_aBooks and the parchments / _cF. F. Bruce |
||
| 250 | _arev. ed. | ||
| 260 |
_as.l. : _bPickering and Inglis Ltd., _c1953 |
||
| 300 | _a259 p. | ||
| 500 | _a"Some chapters on the transmission of the Bible." | ||
| 650 |
_aBiblia-Idiomas-Canon _99516 |
||
| 942 | _cBK | ||
| 999 |
_c5977 _d5977 |
||